La isla misteriosa (Registro nro. 7934)
[ vista simple ]
| 000 -Cabecera | |
|---|---|
| Campo de control de longitud fija | 00554nam a22002417a 4500 |
| 005 - Fecha y hora de la última transacción | |
| Campo de control | 20241126094124.0 |
| 008 - Elementos de longitud fija--Información general | |
| Campo de control de longitud fija | 160412b xxu||||| |||| 00| 0 spa d |
| 020 ## - International Standard Book Number | |
| Número Internacional Estándar del Libro (ISBN) | 9788420691947 |
| 041 ## - Idioma | |
| Código de idioma | Español |
| 082 ## - Clasificación Decimal Dewey | |
| Número de clasificación | 843.89 V531i3 |
| 100 ## - Entrada principal--Autor personal | |
| Nombre personal | Verne, Julio |
| 9 (RLIN) | 7877 |
| 245 ## - Título propiamente dicho | |
| Título | La isla misteriosa |
| 250 ## - Edición | |
| Mención de edición | 3 edición |
| 260 ## - Pie de imprenta | |
| Lugar de publicación, distribución, etc. | España |
| 260 ## - Pie de imprenta | |
| Nombre del editor, distribuidor, etc. | Alianza |
| 260 ## - Pie de imprenta | |
| Fecha de publicación, distribución, etc. | 2014 |
| 300 ## - Descripción física | |
| Extensión | 758 páginas |
| 650 ## - Materia general | |
| Temática (materia general) | LITERATURA FRANCESA |
| 650 ## - Materia general | |
| Temática (materia general) | NOVELA FRANCESA |
| 650 ## - Materia general | |
| Temática (materia general) | FICCIÓN |
| 650 ## - Materia general | |
| Temática (materia general) | AVENTURAS |
| 942 ## - Punto de acceso adicional KOHA | |
| Tipo de ítem KOHA | Literatura |
| Fuente del sistema de clasificación o colocación | Dewey Decimal Classification |
| Signatura completa | Código de barras | Tipo de ítem |
|---|---|---|
| 843.89 V531i3 | 21004 | Literatura |